| 000 | 00957nam a2200277 i 4500 | ||
|---|---|---|---|
| 001 | 142412 | ||
| 003 | ES-MaACL | ||
| 005 | 20250815050652.0 | ||
| 007 | t| | ||
| 008 | 071005s1980 sp |||| | spa d | ||
| 020 | _a84-323-0379-8 | ||
| 100 | 1 |
_aVillacorta Baños, Francisco _9114913 |
|
| 245 | 1 | 0 |
_aBurguesía y cultura _b: los intelectuales españoles en la sociedad liberal, 1808-1931 / _cpor Francisco Villacorta Baños. |
| 250 | _a1ª ed. | ||
| 260 |
_aMadrid : _bSiglo XXI de España, _c1980. |
||
| 300 |
_a313 p. ; _c18 cm. |
||
| 490 | 1 | _aEstudios de historia contemporánea | |
| 500 | _aÍndice. | ||
| 504 | _aBibliografía. | ||
| 650 | 4 |
_aIntelectuales- _zEspaña- _yS.XIX. _9154348 |
|
| 650 | 4 |
_aIntelectuales- _zEspaña- _yS.XX. _913853 |
|
| 650 | 4 |
_aIdeología- _zEspaña- _vHistoria. _9150132 |
|
| 830 | 0 | 0 |
_aEstudios de historia contemporánea (Siglo XXI) _9181254 |
| 852 |
_aES-MaACL _jL-12035 |
||
| 999 |
_c142412 _d142412 |
||